000 00470nam a22002057a 4500
003 UA-OsUOA
001 7667
007 ta
008 20040630b un ||||| |||| 00| 0 ukr d
090 _a37
942 _cBK
040 _aUA-OsUOA
_bukr
_cUA-OsUOA
_dUA-OsUOA
245 _aГуманітарні науки
_bНауково-практичний журнал
955 _a0
041 _aukr
080 _a37
260 _aК.
_c2000
044 _aUA
650 7 _2UDC
999 _c293828
_d293828